00520nam a22001697a 450000500170000001000150001702000220003203500140005403700130006808200120008110000170009324500760011026000480018627000540023430000210028850000410030920161209114315.0 aENG-116774 a818506069c595.00 aEN-100306 bDBAD/PUB a320.954 aNarang, A.S. aIndia political system, process and development /cby Amarjit S. Narang aNew DelhibGitanjali Publishing Housec2015 a3,DDA,Shoping Center,Anand LokbNew Delhie110049 a706p.c24cm(pbk) aIncluding bibliographical references